Представление документа в формате RUSMARC

ПолеНазваниеЗначение
  Тип записи a
  Библиографический уровень a
001 Контрольный номер RU/CBS_UL/BASE/9ff13f0b0bad453596489db2214c7a2f
005 Дата корректировки 20251216153304.0
100 Данные общей обработки __
a Данные общей обработки 20251216 ||| 0rusy0189 ca
101 Язык документа 0_
a Язык текста rus
102 Страна публикации __
a Страна публикации RU
200 Заглавие и сведения об ответственности 1_
a Заглавие Ароматы прованса
e Сведения, относящиеся к заглавию [выращивание розмарина лекарственного]
f Первые сведения об ответственности Н. Каркачёва
300 Общие примечания __
a Общие примечания 12+
461 Уровень набора _0
1 2000
a Дачный клуб
463 Уровень физической единицы _0
1 2000
a № 10
v С. 14-17 : фото
1 2101
d 2025
1 001RU/CBS_UL/BASE/1fc3bfb1739947728433521a1e6ee7c7
606 Тематические рубрики 0_
a Основная рубрика Лекарственные растения - Розмарин
610 Ключевые слова 0_
a Ключевые слова розмарин
610 Ключевые слова 0_
a Ключевые слова розмарин лекарственный
610 Ключевые слова 0_
a Ключевые слова лекарственный розмарин
610 Ключевые слова 0_
a Ключевые слова выращивание розмарина лекарственного
610 Ключевые слова 0_
a Ключевые слова полезные свойства розмарина лекарственного
686 Индексы других классификаций __
2 Код системы rubbk
a Классификационный индекс 42.143
700 Автор _1
a Фамилия Каркачёва
b Имя (инициалы) Н.
801 Источник записи _0
a Страна RU
b Организация МБУК ЦБС г. Ульяновска
c Дата составления 20251216
g Правила каталогизации RCR
801 Источник записи _1
a Страна RU
b Организация МБУК ЦБС г. Ульяновска
c Дата составления 20251216
g Правила каталогизации RCR
901 Тип документа __
t Тип документа b
w Контрольный № источника RU/CBS_UL/BASE/1fc3bfb1739947728433521a1e6ee7c7
909 Создатель записи __
a Создатель записи lib2